Zahraničný kapitál vo vybraných odboroch potravinárskeho priemyslu SR
Vstup zahraničného kapitálu do potravinárskeho priemyslu ako celku a vybraných potravinárskych odborov - mliekarenstvo, pivovarníctvo a sladovníctvo, cukrovarníctvo, výroba nealkoholických nápojov, škrobárenstvo a liehovarníctvo. Stručné vymedzenie doterajšieho priebehu transformácie potravinárskeho...
Guardado en:
| Autor principal: | |
|---|---|
| Otros Autores: | |
| Formato: | Capítulo de libro |
| Lenguaje: | eslovaco |
| Materias: | |
| Etiquetas: |
Sin Etiquetas, Sea el primero en etiquetar este registro!
|
MARC
| LEADER | 00000naa$a2200000$$$4500 | ||
|---|---|---|---|
| 001 | 0046357 | ||
| 005 | 20231018091456.8 | ||
| 041 | 0 | |a slo | |
| 044 | |a SK | ||
| 245 | 1 | 0 | |a Zahraničný kapitál vo vybraných odboroch potravinárskeho priemyslu SR |c Mária Gubová, Dagmar Matošková |
| 520 | |a Vstup zahraničného kapitálu do potravinárskeho priemyslu ako celku a vybraných potravinárskych odborov - mliekarenstvo, pivovarníctvo a sladovníctvo, cukrovarníctvo, výroba nealkoholických nápojov, škrobárenstvo a liehovarníctvo. Stručné vymedzenie doterajšieho priebehu transformácie potravinárskeho priemyslu. Analýza dosahovaných výsledkov potravinárstva spolu a uvedených výrobných odborov, vrátane využívania výrobných kapacít. Zahraničný kapitál významne ovplyvnil proces reštrukturalizácie výrobných odborov potravinárskeho priemyslu, najväčší objem zahraničného kapitálu posilnil pivovarnícko-sladovnícky priemysel a výrobu nealkoholických nápojov. | ||
| 610 | 2 | 0 | |a potravinárstvo |
| 610 | 2 | 0 | |a odbory výrobné |
| 610 | 2 | 0 | |a priemysel pivovarnícky |
| 610 | 2 | 0 | |a nápoje nealkoholické |
| 610 | 2 | 0 | |a priemysel cukrovarnícky |
| 610 | 2 | 0 | |a priemysel liehovarnícky |
| 610 | 2 | 0 | |a priemysel mliekarský |
| 610 | 2 | 0 | |a kapitál zahraničný |
| 610 | 2 | 0 | |a reštrukturalizácia |
| 100 | 1 | |a Gubová, Mária | |
| 700 | 1 | |a Matošková, Dagmar | |